Gaming Quiz

Random Gaming Quiz

Xenoblade Chronicles X recruitable characters. Quiz Stats

 Plays Quiz not verified by Sporcle

Challenge
Share
Tweet
Embed
Score 0/18 Timer 04:00
0 Plays Today
Answer % Correct
Elma
98.5%
Lin
98.5%
Irina
90.4%
Lao
90.4%
Doug
89.6%
Gwin
89.6%
H.B.
80.7%
Phog
75.6%
Hope
74.1%
Answer % Correct
Alexa
73.3%
Nagi
73.3%
Celica
72.6%
Frye
72.6%
L
71.1%
Yelv
71.1%
Boze
68.9%
Mia
56.3%
The Murdress
45.9%

You're not logged in!

Compare scores with friends on all Sporcle quizzes.
Join for Free
OR
Log In

You Might Also Like...

Show Comments

Extras

Created Jan 22, 2016ReportNominate
Tags:character, chronicle

Top Quizzes Today


Score Distribution

Your Account Isn't Verified!

In order to create a playlist on Sporcle, you need to verify the email address you used during registration. Go to your Sporcle Settings to finish the process.

Report this User

Report this user for behavior that violates our Community Guidelines.

Details: